|
|
|
|
| LEADER |
01122cam a2200337 i 4500 |
| 001 |
000046071 |
| 003 |
5339 |
| 005 |
20180118095818.0 |
| 008 |
010220b1999 vm 000 eng |
| 020 |
|
|
|a 0471282960
|
| 040 |
|
|
|a LRCC
|c LRCC
|d LRCC
|
| 041 |
0 |
|
|a eng
|
| 082 |
1 |
4 |
|a 620.0042
|b DY-C
|
| 100 |
1 |
|
|a Dym, Clive L.
|q (Clive Lionel),
|d 1942-
|
| 245 |
0 |
0 |
|a Engineering design :
|b a project-based introduction /
|c Clive L. (Clive Lionel) Dym.
|
| 260 |
|
|
|a New York ; Chichester :
|b John Wiley and Sons,
|c 1999.
|
| 300 |
|
|
|a xxi, 278p. :
|b ill.
|
| 630 |
0 |
4 |
|a Engineering design.
|
| 650 |
0 |
4 |
|a Engineering design.
|
| OWN |
|
|
|a DUT
|
| AVA |
|
|
|a UDN50
|b DUT
|c Book
|d 620.0042 DY-C
|e available
|t Error 5001 Not defined in file expand_doc_bib_avail.
|f 1
|g 0
|h N
|i 0
|j SH
|k 1
|
| 999 |
|
|
|a From the UDN01
|
| AVA |
|
|
|a UDN50
|b DUT
|c Book
|d 620.0042 DY-C
|e available
|t Error 5001 Not defined in file expand_doc_bib_avail.
|f 1
|g 0
|h N
|i 0
|j SH
|k 1
|
| TYP |
|
|
|a Monograph
|
| TYP |
|
|
|a Printed language
|
| 980 |
|
|
|a Mạng thư viện Đại học Đà Nẵng
|